000 00761nam a22002292 4500
001 0000008993
005 20151021151116.0
008 080710s xx 000 0 eng d
020 _a996694964x :
_cKES
040 _aKABU
_cKABU
100 1 _aNgugi, Rose W.
_@0000152502
245 1 0 _aUnderstanding interest rates structure in Kenya /
_cRose W. Ngugi, Joseph Wambua.
260 _aNairobi :
_bKIPPRA,
_c2004.
300 _avii, 51 p.
650 0 _aForeign exchange rates.
_zKenya.
_@0000160754
650 0 _aInterest rates
_zKenya.
_@0000160726
700 1 _aWambua, Joseph.
_@0000160808
908 _a080710
950 _@1
999 _c776
_d776